00365nam a2200109 i 4500001000300000245007500003260002200078040000800100041000800108008004100116856009800157bg 0aPrace Instytutu Kształcenia Nauczycieli Przedmiotów Technicznych 1. aRzeszów,c1977. cBPK apol s pl f |000 0 pol  uhttp://koha.tu.koszalin.pl/cgi-bin/koha/opac-detail.pl?biblionumber=17617yKatalog online BPK